Nový program nákupu dlhopisov ECB

Hlavné rysy a súvislosti nového programu nákupu dlhopisov ECB. Fiškálne riziká programu OMT (Outright monetary transactions). Inflačné riziká programu OMT.

Guardado en:
Detalles Bibliográficos
Autor principal: Nemec, Marián
Formato: Capítulo de libro
Lenguaje:eslovaco
Materias:
Etiquetas: Agregar Etiqueta
Sin Etiquetas, Sea el primero en etiquetar este registro!

MARC

LEADER 00000nla a2200000 4500
001 0175026
005 20240502073002.3
041 0 |a slo 
044 |a SK 
245 1 0 |a Nový program nákupu dlhopisov ECB  |c Marián Nemec 
520 |a Hlavné rysy a súvislosti nového programu nákupu dlhopisov ECB. Fiškálne riziká programu OMT (Outright monetary transactions). Inflačné riziká programu OMT. 
610 2 0 |a banky centrálne 
610 2 0 |a dlhopisy 
610 2 0 |a nákup 
610 2 0 |a úrok 
610 2 0 |a aktíva 
610 2 0 |a inflácia 
610 2 0 |a dlhy 
610 2 0 |a dlžníci 
610 2 0 |a veritelia 
100 1 |a Nemec, Marián